Statistiques concernant Les 20 pays les plus pauvre du monde

Cliquez ici pour prendre le quiz!

Statistiques générales

  • Ce quiz a été pris 71 fois
  • Le résultat moyen est 10 sur 20

Statistiques - réponses

ClassementPays% Correct
9Somalie
74%
5Niger
70%
14Guinee
64%
1Burundi
62%
15Mali
62%
7Tchad
61%
10Madagascar
54%
20Rwanda
52%
17Burkina Faso
49%
2Centrafrique
49%
13Gambie
49%
11Guinée Bissau
49%
8Malawi
49%
16Ouganda
49%
6Liberia
48%
12Sierra leone
46%
18Zimbabwe
46%
3Mozambique
41%
4République démocratique du Congo
34%
19Îles Salomon
8%

Distribution des résultats

Percentile par nombre de réponses

% des personnes avec chaque résultat

Votre développement - résultats

Vous n’avez pas pris ce quiz